La brizna de paja en el viento / (Record no. 67986)
[ view plain ]
| 000 -LEADER | |
|---|---|
| campo de control de longitud fija | 00605nam a2200193 i 4500 |
| 001 - NÚMERO DE CONTROL | |
| campo de control | 67986 |
| 003 - IDENTIFICADOR DE NÚMERO DE CONTROL | |
| campo de control | ES-MaACL |
| 007 - CAMPO FIJO DE DESCRIPCIÓN FÍSICA--INFORMACIÓN GENERAL | |
| campo de control de longitud fija | t| |
| 008 - DATOS DE LONGITUD FIJA--INFORMACIÓN GENERAL | |
| campo de control de longitud fija | 040217s1953 sp ||||1| spa d |
| 100 1# - ENTRADA PRINCIPAL--NOMBRE DE PERSONA | |
| Nombre de persona | Gallegos, Rómulo. |
| 9 (RLIN) | 53598 |
| 245 13 - MENCIÓN DEL TÍTULO | |
| Título | La brizna de paja en el viento / |
| Mención de responsabilidad, etc. | Rómulo Gallegos ; nota preliminar de B. García de los Ríos. |
| 260 ## - PUBLICACIÓN, DISTRIBUCIÓN, ETC. | |
| Lugar de publicación, distribución, etc. | [Madrid : |
| Nombre del editor, distribuidor, etc. | Aguilar, |
| Fecha de publicación, distribución, etc. | 1953] ( |
| Fabricante | E. Sánchez Leal) |
| 300 ## - DESCRIPCIÓN FÍSICA | |
| Extensión | 441 p. ; |
| Dimensiones | 12 cm. |
| 490 1# - MENCIÓN DE SERIE | |
| Mención de serie | Crisol ; |
| Designación de volumen o secuencia | 382 |
| 700 1# - ENTRADA AGREGADA--NOMBRE PERSONAL | |
| Nombre de persona | García de los Ríos, B. |
| 9 (RLIN) | 54467 |
| 830 0# - PUNTO DE ACCESO ADICIONAL DE SERIE-TÍTULO UNIFORME | |
| Título uniforme | Crisol ; |
| Designación de volumen o secuencia | 382 |
| 9 (RLIN) | 180848 |
| 852 ## - LOCALIZACIÓN | |
| Ubicación | ES-MaACL |
| Número de control de estantería | C-8573 |
| Sublocalización o colección | R.35321 |
| Estatus retirado | Estado de pérdida | Estado de daño | No para préstamo | Biblioteca de origen | Biblioteca actual | Ubicación en estantería | Fecha de adquisición | Fuente de adquisición | Total de préstamos | Signatura topográfica completa | Código de barras | Visto por última vez | Precio de reemplazo | Tipo de ítem Koha |
|---|---|---|---|---|---|---|---|---|---|---|---|---|---|---|
| Biblioteca del Ateneo de Madrid | Biblioteca del Ateneo de Madrid | Sala Palomar | 17/01/2008 | C-8573 | 1071178 | 23/02/2023 | 23/02/2023 | Libro impreso |
